Nommez les habitants de ces pays #2 - Statistiques

Statistiques générales
  • Ce quiz a été pris 523 fois
  • Le résultat moyen est 13 sur 16
Statistiques - réponses
Pays Réponse % Correct
Chine Chinois
100%
Australie Australien
99%
Espagne Espagnol
99%
Pologne Polonais
99%
Suisse Suisse
98%
Bulgarie Bulgare
96%
Afghanistan Afghan
95%
Cuba Cubain
91%
Pays-Bas Néerlandais
90%
Qatar Qatari
89%
Ouzbékistan Ouzbek
86%
Madagascar Malgache
84%
Panama Panaméen
53%
Samoa Samoan
40%
Malawi Malawite
29%
Sao-Tomé-et-Principé Santoméen
8%
Aucun quiz correspondant
Distribution des résultats
% des personnes avec chaque résultat
Percentile par nombre de réponses
Votre historique - résultats
Vous n’avez pas pris ce quiz